منا ظر عا شق ہر گا نو ی کا نا و ل "شبنمی لمس کے بعد "- ا يک تجز يہ (Record no. 172061)

MARC details
000 -LEADER
fixed length control field 00779nam a22001937a 4500
005 - DATE AND TIME OF LATEST TRANSACTION
control field 20200127114605.0
010 ## - LCCN (DPL NO)
LC control number UR-10685
020 ## - INTERNATIONAL STANDARD BOOK NUMBER
Terms of availability 50.00
International Standard Book Number 9789389358056
035 ## - SYSTEM CONTROL NUMBER
System control number U-9240
037 ## - SOURCE OF ACQUISITION
Source of stock number/acquisition DBAD/PUB
Stock number -
082 ## - DEWEY DECIMAL CLASSIFICATION NUMBER
Classification number 843.8
100 ## - MAIN ENTRY--PERSONAL NAME
Personal name نز ير فتح پو ر ی
245 ## - TITLE STATEMENT
Title منا ظر عا شق ہر گا نو ی کا نا و ل "شبنمی لمس کے بعد "- ا يک تجز يہ
Statement of responsibility, etc نز ير فتح پو ر ی
246 ## - VARYING FORM OF TITLE
Remainder of title Manazir Ashiq Harganvi Ka Novel Shabnami Lams Ke baad Ek Tajziya (Urdu)
Title proper/short title by Dr. Nazir Fatehpuri
260 ## - PUBLICATION, DISTRIBUTION, ETC. (IMPRINT)
Place of publication, distribution, etc Delhi
Name of publisher, distributor, etc Educational Publishing House
Date of publication, distribution, etc 2019 ء
270 ## - ADDRESS
Address 3191,Vakil Street,Kucha pandit,Lal kuan,
City Delhi
Postal code 6
Telephone number 23216162
Fax number -
300 ## - PHYSICAL DESCRIPTION
Extent 40 ص
Dimensions 22 Cm(Hb)
942 ## - ADDED ENTRY ELEMENTS (KOHA)
Source of classification or shelving scheme Dewey Decimal Classification
Item type Urdu Bks
Classification part 843.8
Call number suffix ن ظ ی
Holdings
Withdrawn status Lost status Not for loan Collection code Home library Current library Date acquired Source of acquisition Cost, normal purchase price Full call number Barcode Copy number Cost, replacement price Koha item type
      Non-fiction Central Library Central Library 27/01/2020 BPPD/Ven. 50.00 843.8 ن ظ ی U-9240 1 50.00 Urdu Bks

© Delhi Public Library
Hit Counter
free hit counter